Southville International School and Colleges
Your cart is empty.
  • Cart
  • Lists
    Public lists Eva Luna New books Lux_list list_1
    Your lists Log in to create your own lists
  • Log in to your account
  • Your cookies
  • Search history
Southville International School and Colleges
  • Advanced search
  • Recent comments
  • Most popular
  • Libraries

Log in to your account

Log in with GOOGLE


If you do not have an external account, but do have a local account, you can still log in:

  1. Home
  2. MARC view: The Henry Slaughter gospel piano course /
Normal view MARC view ISBD view

The Henry Slaughter gospel piano course / (Record no. 12416)

[ view plain ]
MARC details
000 -LEADER
fixed length control field 00552nam a22001817a 4500
003 - CONTROL NUMBER IDENTIFIER
control field OSt
005 - DATE AND TIME OF LATEST TRANSACTION
control field 20140310182353.0
008 - FIXED-LENGTH DATA ELEMENTS--GENERAL INFORMATION
fixed length control field 131001t xxu||||| |||| 00| 0 eng d
050 ## - LIBRARY OF CONGRESS CALL NUMBER
Classification number MT 222
Item number .Sl631 1969
082 ## - DEWEY DECIMAL CLASSIFICATION NUMBER
Classification number GS 786.2
Item number Sl1h 1969
100 ## - MAIN ENTRY--PERSONAL NAME
Personal name Slaughter, Henry
9 (RLIN) 22248
245 ## - TITLE STATEMENT
Title The Henry Slaughter gospel piano course /
Statement of responsibility, etc Henry Slaughter.
260 ## - PUBLICATION, DISTRIBUTION, ETC. (IMPRINT)
Place of publication, distribution, etc Nashville, Tennessee :
Name of publisher, distributor, etc Harvest time Publisher,
Date of publication, distribution, etc 1969
300 ## - PHYSICAL DESCRIPTION
Extent 32 p. :
Other physical details ill. ;
Dimensions 28 cm.
650 ## - SUBJECT ADDED ENTRY--TOPICAL TERM
Topical term or geographic name as entry element Piano
General subdivision Instruction and study
9 (RLIN) 22249
942 ## - ADDED ENTRY ELEMENTS (KOHA)
Source of classification or shelving scheme Library of Congress Classification
Koha item type
Holdings
Withdrawn status Lost status Source of classification or shelving scheme Damaged status Home library Current library Shelving location Date acquired Total Checkouts Full call number Barcode Date last seen Copy number Price effective from Koha item type
    Library of Congress Classification   Luxembourg Library Luxembourg Library Grade School Section 10/01/2013   MT 222 .Sl631 1969 9791 10/01/2013 1 10/01/2013 Books

The Henry Slaughter gospel piano course /

APA

Slaughter H., . (1969). The Henry Slaughter gospel piano course. Nashville, Tennessee: Harvest time Publisher.

Chicago

Slaughter Henry, . 1969. The Henry Slaughter gospel piano course. Nashville, Tennessee: Harvest time Publisher.

Harvard

Slaughter H., . (1969). The Henry Slaughter gospel piano course. Nashville, Tennessee: Harvest time Publisher.

MLA

Slaughter Henry, . The Henry Slaughter gospel piano course. Nashville, Tennessee: Harvest time Publisher. 1969.

  • Place hold
  • Print
  • Cite
  • Add to your cart (remove)
  • Save record
    BIBTEX Dublin Core MARCXML MARC (non-Unicode/MARC-8) MARC (Unicode/UTF-8) MARC (Unicode/UTF-8, Standard) MODS (XML) RIS
  • More searches
    Search for this title in:
    Other Libraries (WorldCat) Other Databases (Google Scholar) Online Stores (Bookfinder.com) Open Library (openlibrary.org)

Exporting to Dublin Core...

SOUTHVILLE LIBRARY

Southville International School and Colleges Library

1281 Tropical Ave. Cor. Luxembourg St., BF Homes International, Las Pinas City

Tel. No. 8256374 / 252358 Loc. 117/146

Powered by Koha